[Event "UK Armed Forces ch"]
[Site "Wittering"]
[Date "2023.04.15"]
[Round "3.30"]
[White "Sherpa, Ngadi"]
[Black "Stewart, Christopher"]
[Result "1-0"]
[WhiteElo "1819"]
[BlackElo "900"]
[PlyCount "81"]
[EventDate "2023.04.14"]
[EventType "swiss"]
[EventRounds "7"]
[EventCountry "ENG"]
[SourceVersionDate "2023.04.22"]

1. d4 d6 2. c4 Nf6 3. Nc3 g6 4. e4 Bg7 5. Nf3 Bg4 6. h3 Bxf3 7. Qxf3 Nbd7 8.
Be2 e5 9. Be3 a6 10. O-O O-O 11. Rad1 Rc8 12. Bg5 exd4 13. Rxd4 h6 14. Bh4 Ne5
15. Qe3 c6 16. Rfd1 Qe7 17. Bxf6 Bxf6 18. Rxd6 Rcd8 19. Rxd8 Rxd8 20. Rxd8+
Qxd8 21. f4 Nd7 22. Qd3 Nc5 23. Qxd8+ Bxd8 24. Kf2 Ba5 25. Ke3 Bxc3 26. bxc3
Kf8 27. g4 f6 28. h4 Na4 29. Kd4 Ke7 30. c5 Ke6 31. Bc4+ Ke7 32. Bb3 Nb2 33. c4
g5 34. hxg5 hxg5 35. f5 Kd7 36. Kc3 Nxc4 37. Bxc4 Kc7 38. a3 b5 39. cxb6+ Kxb6
40. e5 fxe5 41. f6 1-0

[Event "UK Armed Forces ch"]
[Site "Wittering"]
[Date "2023.04.15"]
[Round "4.1"]
[White "Onley, David E"]
[Black "Graham, Frazer"]
[Result "1-0"]
[WhiteElo "2174"]
[BlackElo "1967"]
[PlyCount "59"]
[EventDate "2023.04.14"]
[EventType "swiss"]
[EventRounds "7"]
[EventCountry "ENG"]
[SourceVersionDate "2023.04.22"]

1. e4 c6 2. d4 d5 3. f3 dxe4 4. fxe4 e5 5. Nf3 Be6 6. c3 Nd7 7. Bd3 Ngf6 8. O-O
Bd6 9. Na3 Qe7 10. Nc4 Bc7 11. Bg5 Rg8 12. b4 h6 13. Bh4 g5 14. Bg3 Nxe4 15.
Bxe5 Nxe5 16. Nfxe5 Nxc3 17. Qf3 Nd5 18. Rae1 O-O-O 19. Nxf7 Rdf8 20. Rxe6 Qxb4
21. Qe4 Nf4 22. Nfd6+ Bxd6 23. Nxd6+ Kb8 24. Rb1 Qd2 25. Re7 b6 26. Rb7+ Ka8
27. Rxa7+ Kb8 28. Ra8+ Kxa8 29. Qxc6+ Kb8 30. Qb7# 1-0

[Event "UK Armed Forces ch"]
[Site "Wittering"]
[Date "2023.04.15"]
[Round "4.2"]
[White "Foulds, Andrew"]
[Black "Tenin, Aleksander"]
[Result "0-1"]
[WhiteElo "1814"]
[BlackElo "2072"]
[PlyCount "84"]
[EventDate "2023.04.14"]
[EventType "swiss"]
[EventRounds "7"]
[EventCountry "ENG"]
[SourceVersionDate "2023.04.22"]

1. d4 Nf6 2. c4 e5 3. dxe5 Ng4 4. Bf4 Nc6 5. Nf3 Bb4+ 6. Nc3 Qe7 7. Rc1 Ngxe5
8. Nxe5 Nxe5 9. a3 Bxc3+ 10. Rxc3 O-O 11. g3 d6 12. Bg2 Ng6 13. Bc1 Re8 14. Re3
Qd8 15. Rxe8+ Qxe8 16. O-O Rb8 17. Qc2 Qe5 18. Qe4 Bf5 19. Qxe5 Nxe5 20. b3 Bc2
21. f4 Nd7 22. b4 Bb3 23. Bh3 Nf6 24. Bg2 Bxc4 25. Bb2 Bd5 26. Rc1 Bxg2 27.
Bxf6 gxf6 28. Kxg2 c6 29. e4 a6 30. Rd1 Rd8 31. Kf3 Kf8 32. Kg4 Ke7 33. Kf5 a5
34. Rb1 axb4 35. Rxb4 b5 36. a4 Rb8 37. e5 fxe5 38. fxe5 d5 39. axb5 Rxb5 40.
Ra4 Rb7 41. Rh4 Rb2 42. Kf4 Rb4+ 0-1

[Event "UK Armed Forces ch"]
[Site "Wittering"]
[Date "2023.04.15"]
[Round "4.3"]
[White "Treasurer, John"]
[Black "Dray-Pearce, Tristan"]
[Result "1-0"]
[WhiteElo "2066"]
[BlackElo "1766"]
[PlyCount "87"]
[EventDate "2023.04.14"]
[EventType "swiss"]
[EventRounds "7"]
[EventCountry "ENG"]
[SourceVersionDate "2023.04.22"]

1. d4 e6 2. c4 f5 3. Nf3 Nf6 4. Nc3 Bb4 5. Bd2 O-O 6. e3 d6 7. Be2 Bxc3 8. Bxc3
Ne4 9. Rc1 Nd7 10. O-O Nxc3 11. Rxc3 Kh8 12. b4 e5 13. dxe5 dxe5 14. Qd5 Qf6
15. c5 e4 16. Nd4 c6 17. Qe6 Ne5 18. Qxf6 Rxf6 19. Rd1 Be6 20. Nxe6 Rxe6 21.
Rc2 Rae8 22. Rcd2 g6 23. h3 h5 24. a4 Kg7 25. Rd4 R6e7 26. Kh2 h4 27. Rd6 Kf7
28. g3 hxg3+ 29. Kxg3 Rh8 30. h4 Re6 31. R6d4 Re7 32. b5 cxb5 33. axb5 Rc7 34.
Rd5 Re7 35. Ra1 b6 36. c6 Ke6 37. Rad1 Nd3 38. Rd4 g5 39. Bxd3 gxh4+ 40. Kh3
exd3 41. R1xd3 Rc7 42. Rd6+ Ke5 43. f3 Rg8 44. R3d5# 1-0

[Event "UK Armed Forces ch"]
[Site "Wittering"]
[Date "2023.04.15"]
[Round "4.4"]
[White "Bradley, William"]
[Black "Parker, Glen D"]
[Result "0-1"]
[WhiteElo "1831"]
[BlackElo "2053"]
[PlyCount "103"]
[EventDate "2023.04.14"]
[EventType "swiss"]
[EventRounds "7"]
[EventCountry "ENG"]
[SourceVersionDate "2023.04.22"]

1. e4 d5 2. exd5 Nf6 3. d4 c6 4. dxc6 e5 5. dxe5 Qxd1+ 6. Kxd1 Ng4 7. Be3 Nxc6
8. Bb5 Nxe3+ 9. fxe3 Bg4+ 10. Nf3 O-O-O+ 11. Ke2 Nxe5 12. h3 Nxf3 13. gxf3 Bh5
14. Nd2 a6 15. Bd3 Bb4 16. c3 Bc5 17. Bf5+ Kb8 18. Nb3 Bb6 19. Rad1 f6 20.
Rxd8+ Rxd8 21. Bg4 Bf7 22. Nd2 g6 23. f4 Re8 24. e4 f5 25. Bf3 fxe4 26. Bxe4
Bxa2 27. Kf3 Rd8 28. Rh2 Be6 29. h4 Bc7 30. h5 g5 31. f5 g4+ 32. Kxg4 Bxf5+ 33.
Bxf5 Bxh2 34. Nf3 Rg8+ 35. Kh3 Bf4 36. Nd4 h6 37. Bg6 Bc1 38. b3 Rf8 39. Nf5
Rd8 40. Kg4 Ka7 41. Nd4 Rd5 42. Bf7 Re5 43. Nf5 Re4+ 44. Kg3 b5 45. Bg6 Re2 46.
Kf3 Rc2 47. Ke4 Rxc3 48. Bf7 Kb6 49. Ke5 Bg5 50. Nd6 Rf3 51. Nf5 Kc5 52. Bd5
0-1

[Event "UK Armed Forces ch"]
[Site "Wittering"]
[Date "2023.04.15"]
[Round "4.5"]
[White "Wells, Daniel J"]
[Black "Millener, Richard P"]
[Result "1-0"]
[WhiteElo "2042"]
[BlackElo "1740"]
[PlyCount "73"]
[EventDate "2023.04.14"]
[EventType "swiss"]
[EventRounds "7"]
[EventCountry "ENG"]
[SourceVersionDate "2023.04.22"]

1. e4 c6 2. d4 d5 3. e5 c5 4. Nf3 cxd4 5. Nxd4 e6 6. c4 Bb4+ 7. Bd2 Bxd2+ 8.
Qxd2 Nc6 9. Nb5 Nxe5 10. cxd5 a6 11. Qc3 axb5 12. Qxe5 Nf6 13. Bxb5+ Bd7 14.
dxe6 Qa5+ 15. Nc3 Bxb5 16. Qxb5+ Qxb5 17. Nxb5 O-O 18. exf7+ Rxf7 19. O-O Rd8
20. Rfd1 Rdf8 21. f3 Re7 22. Rd2 h5 23. Rad1 Kh7 24. Nc3 Re5 25. Re2 Ra5 26.
Re7 b6 27. Rd6 Ng8 28. Rb7 h4 29. Rbxb6 Nh6 30. Rb5 Rxb5 31. Nxb5 h3 32. Nd4
hxg2 33. Kxg2 Nf7 34. Rd5 g6 35. a4 Rb8 36. b3 Kh6 37. a5 1-0

[Event "UK Armed Forces ch"]
[Site "Wittering"]
[Date "2023.04.15"]
[Round "4.6"]
[White "Barnes, David"]
[Black "Thurlow, Kevin J"]
[Result "0-1"]
[WhiteElo "1789"]
[BlackElo "2009"]
[PlyCount "74"]
[EventDate "2023.04.14"]
[EventType "swiss"]
[EventRounds "7"]
[EventCountry "ENG"]
[SourceVersionDate "2023.04.22"]

1. e4 Nc6 2. Nf3 g6 3. d4 d5 4. e5 Bg4 5. c3 Bg7 6. Be2 e6 7. Bg5 Qd7 8. Nbd2
f6 9. exf6 Nxf6 10. Bb5 O-O 11. Qa4 Bxf3 12. Nxf3 Ne4 13. Be3 a6 14. Bd3 Nd6
15. O-O Nf5 16. Bg5 Qf7 17. Rae1 h6 18. Bc1 b5 19. Qc2 Rae8 20. g4 Nfe7 21. Nh4
g5 22. Ng6 Bxd4 23. cxd4 Nxd4 24. Ne5 Nxc2 25. Nxf7 Nxe1 26. Nxh6+ Kg7 27. Rxe1
Nc6 28. Bxg5 Nd4 29. Be2 Rh8 30. Be3 Nc2 31. Rc1 Nxe3 32. Rxc7+ Kxh6 33. fxe3
Kg5 34. Kg2 Rc8 35. Rf7 Rc2 36. Rf2 Rxb2 37. Kg3 Rxa2 0-1

[Event "UK Armed Forces ch"]
[Site "Wittering"]
[Date "2023.04.15"]
[Round "4.7"]
[White "Tucker, David S"]
[Black "Ross, David C (Snr)"]
[Result "1/2-1/2"]
[WhiteElo "2000"]
[BlackElo "1695"]
[PlyCount "74"]
[EventDate "2023.04.14"]
[EventType "swiss"]
[EventRounds "7"]
[EventCountry "ENG"]
[SourceVersionDate "2023.04.22"]

1. e4 e5 2. Nf3 Nc6 3. Bb5 a6 4. Ba4 Nf6 5. O-O b5 6. Bb3 Be7 7. Re1 O-O 8. a4
b4 9. d3 d6 10. a5 Bg4 11. Be3 d5 12. Nbd2 h6 13. exd5 Nxd5 14. h3 Be6 15. Bc4
Bd6 16. Nb3 Nxe3 17. Rxe3 Bxc4 18. dxc4 Re8 19. c5 Bf8 20. Qe2 Nd4 21. Nfxd4
exd4 22. Rxe8 Qxe8 23. Qc4 Qe4 24. Rd1 Rd8 25. Qxa6 Qxc2 26. Qd3 Qxb2 27. a6
Qc3 28. a7 Ra8 29. Nxd4 Qxd3 30. Rxd3 Rxa7 31. Nc6 Ra8 32. Nxb4 Bxc5 33. Nc2
Ra2 34. Rc3 Bd6 35. Kf1 Kf8 36. Ke2 Ke7 37. Kf3 Ra4 1/2-1/2

[Event "UK Armed Forces ch"]
[Site "Wittering"]
[Date "2023.04.15"]
[Round "4.8"]
[White "Portman, Carl S"]
[Black "Officer, Paul"]
[Result "0-1"]
[WhiteElo "1930"]
[BlackElo "1668"]
[PlyCount "146"]
[EventDate "2023.04.14"]
[EventType "swiss"]
[EventRounds "7"]
[EventCountry "ENG"]
[SourceVersionDate "2023.04.22"]

1. d4 d5 2. Nf3 Nf6 3. e3 e6 4. Bd3 c5 5. c3 c4 6. Bc2 Bd6 7. Nbd2 Qc7 8. e4
dxe4 9. Nxe4 Nxe4 10. Bxe4 Nd7 11. Qe2 Nf6 12. Bg5 Rb8 13. Ne5 Nxe4 14. Qxe4 f6
15. Nf3 fxg5 16. Nxg5 Qc6 17. O-O Qxe4 18. Nxe4 Bc7 19. a4 b6 20. Nd2 Ba6 21.
Rfe1 Kf7 22. Re3 Rhf8 23. g3 Rbe8 24. f4 g6 25. Nf3 h6 26. h4 Bb7 27. Rae1 Bxf3
28. Rxf3 a5 29. Kg2 Kf6 30. Re4 Re7 31. Kh3 h5 32. Rfe3 Bd6 33. Re1 b5 34. axb5
Rb8 35. Ra1 Rxb5 36. Ra4 Rc7 37. Re1 Rc6 38. Re2 Bc7 39. Kg2 Ke7 40. Kf3 Kd7
41. Ke4 Kd6 42. Rg2 Rcb6 43. Ra2 Kd7 44. Rf2 a4 45. Rxa4 Rxb2 46. Rxb2 Rxb2 47.
Rxc4 Rg2 48. Kf3 Rc2 49. Rc5 Bb6 50. Rg5 Rxc3+ 51. Kg2 Bxd4 52. Rxg6 Rc5 53.
Kf3 Ke7 54. g4 Kf7 55. gxh5 Rxh5 56. Rg4 Bf6 57. Kg3 Ke7 58. Kh3 Kd6 59. Kg3
Kd5 60. Rg6 Bxh4+ 61. Kg4 Rh8 62. f5 e5 63. Ra6 Be7 64. f6 Rg8+ 65. Kf5 Bc5 66.
Ra4 Rc8 67. Re4 Bd6 68. Ra4 Rc4 69. Ra5+ Bc5 70. f7 Rf4+ 71. Kg6 e4 72. Ra8 e3
73. Rd8+ Bd6 0-1

[Event "UK Armed Forces ch"]
[Site "Wittering"]
[Date "2023.04.15"]
[Round "4.9"]
[White "O'Byrne, Danny"]
[Black "Kelly, Richard"]
[Result "0-1"]
[WhiteElo "1682"]
[BlackElo "1845"]
[PlyCount "144"]
[EventDate "2023.04.14"]
[EventType "swiss"]
[EventRounds "7"]
[EventCountry "ENG"]
[SourceVersionDate "2023.04.22"]

1. d4 Nf6 2. e3 d5 3. Bd3 Nc6 4. c3 e5 5. dxe5 Nxe5 6. Be2 Bd6 7. Nf3 Bf5 8.
Nxe5 Bxe5 9. Nd2 O-O 10. Nf3 Bd6 11. Nd4 Be4 12. Bf3 c6 13. Bxe4 Nxe4 14. Qg4
Qg5 15. Qxg5 Nxg5 16. Nf5 Bc7 17. O-O Rfe8 18. f3 Rad8 19. e4 Bb6+ 20. Kh1 Ne6
21. exd5 Rxd5 22. Ne3 Re5 23. Nc4 Re2 24. Nxb6 axb6 25. b3 Rc2 26. Be3 Nc5 27.
Bd4 Ree2 28. Rfe1 Rxa2 29. Rab1 Kf8 30. Rxe2 Rxe2 31. Kg1 g6 32. Kf1 Rd2 33.
Be3 Rc2 34. Bd4 Ke7 35. Re1+ Kd6 36. Be5+ Kd7 37. b4 Nd3 38. Rd1 Rc1 39. Rxc1
Nxc1 40. Bd4 b5 41. Kf2 Nd3+ 42. Ke3 Ne1 43. Kf2 Nd3+ 44. Ke3 Nb2 45. Ke4 Ke6
46. f4 f5+ 47. Ke3 Kd5 48. Bf6 Kc4 49. Kd2 Na4 50. Bd4 c5 51. bxc5 Nxc5 52. Be5
Ne4+ 53. Kc2 b4 54. cxb4 Kxb4 55. Kd3 Kc5 56. Bd4+ Kb4 57. Bb6 Kb5 58. Bc7 Kc5
59. Ke3 b5 60. h3 Kc4 61. Be5 b4 62. g4 b3 63. Bb2 Nc3 64. Kd2 Na4 65. Ba3 Kd4
66. Bd6 Ke4 67. Be5 Kf3 68. g5 Kg3 69. Kd3 Kxh3 70. Kc4 b2 71. Bxb2 Nxb2+ 72.
Kc3 Kg4 0-1

[Event "UK Armed Forces ch"]
[Site "Wittering"]
[Date "2023.04.15"]
[Round "4.10"]
[White "Fielding, Michael"]
[Black "O'Neill, Stephen G"]
[Result "0-1"]
[WhiteElo "1743"]
[BlackElo "1483"]
[PlyCount "44"]
[EventDate "2023.04.14"]
[EventType "swiss"]
[EventRounds "7"]
[EventCountry "ENG"]
[SourceVersionDate "2023.04.22"]

1. d4 d5 2. c4 e6 3. Nc3 Nf6 4. cxd5 exd5 5. Bg5 Be7 6. e3 O-O 7. Bd3 Re8 8.
Qc2 g6 9. Nge2 Nh5 10. Bxe7 Rxe7 11. O-O c6 12. b4 a6 13. a4 b5 14. axb5 cxb5
15. Nxd5 Rd7 16. Ndc3 Bb7 17. Be4 Nc6 18. Bxc6 Bxc6 19. Ne4 Re7 20. Nc5 Qc8 21.
h3 Bb7 22. Nxb7 Qxc2 0-1

[Event "UK Armed Forces ch"]
[Site "Wittering"]
[Date "2023.04.15"]
[Round "4.11"]
[White "Glover, John"]
[Black "Cooper, Liam"]
[Result "1-0"]
[WhiteElo "1656"]
[BlackElo "1463"]
[PlyCount "109"]
[EventDate "2023.04.14"]
[EventType "swiss"]
[EventRounds "7"]
[EventCountry "ENG"]
[SourceVersionDate "2023.04.22"]

1. Nf3 Nf6 2. c4 g6 3. g3 d6 4. d4 Bg7 5. Bg2 Bf5 6. O-O O-O 7. h3 Nbd7 8. Nc3
Ne4 9. Nh4 Nxc3 10. bxc3 c6 11. Nxf5 gxf5 12. e4 fxe4 13. Bxe4 e5 14. Be3 Nf6
15. Bg2 e4 16. Qd2 d5 17. c5 b6 18. cxb6 axb6 19. Rfb1 Nd7 20. Bh6 Re8 21. Bxg7
Kxg7 22. h4 Kh8 23. Bh3 Re7 24. Qg5 f6 25. Qf4 Qf8 26. Bxd7 Rxd7 27. Rxb6 Rc8
28. Rab1 Qd6 29. a4 Qxf4 30. gxf4 Kg7 31. a5 Ra8 32. a6 Kg6 33. Rxc6 Kf5 34.
Kf1 Raa7 35. Ke2 Rf7 36. Ke3 Kg4 37. Rb5 Kxh4 38. Rxd5 f5 39. Re5 Kg4 40. Rb5
h5 41. Rb8 Rfc7 42. Rg8+ Kh3 43. Rgg6 Rxc6 44. Rxc6 Rg7 45. Rb6 Ra7 46. c4 Kg4
47. c5 h4 48. Rg6+ Kh5 49. Rg5+ Kh6 50. Rxf5 Rxa6 51. Kxe4 h3 52. Rf8 Kh7 53.
Rb8 Rh6 54. Rb1 h2 55. Rh1 1-0

[Event "UK Armed Forces ch"]
[Site "Wittering"]
[Date "2023.04.15"]
[Round "4.12"]
[White "Murray, Thomas"]
[Black "Knipe, Matthew"]
[Result "1/2-1/2"]
[WhiteElo "1437"]
[BlackElo "1654"]
[PlyCount "111"]
[EventDate "2023.04.14"]
[EventType "swiss"]
[EventRounds "7"]
[EventCountry "ENG"]
[SourceVersionDate "2023.04.22"]

1. d4 g6 2. Nf3 Bg7 3. e3 d6 4. c4 Nd7 5. Nbd2 e5 6. Be2 f5 7. dxe5 dxe5 8. Rb1
Ngf6 9. b3 O-O 10. O-O Re8 11. Bb2 e4 12. Nd4 a6 13. b4 Ne5 14. Qb3 Bd7 15.
Rfd1 Qc8 16. f4 Nc6 17. Nxc6 Bxc6 18. a3 Kh8 19. c5 Qe6 20. Qc2 Rad8 21. Nc4
Nd5 22. Bxg7+ Kxg7 23. Qb2+ Qf6 24. Qb3 Nc3 25. Rxd8 Rxd8 26. Re1 Nxe2+ 27.
Rxe2 Rd3 28. Qb2 Qxb2 29. Rxb2 Bb5 30. Rc2 Bxc4 31. Rxc4 Kf6 32. Rd4 Ke6 33.
Rxd3 exd3 34. Kf2 Kd5 35. Ke1 Kc4 36. Kd2 Kb3 37. Kxd3 Kxa3 38. Kc4 Ka4 39. g4
b5+ 40. cxb6 cxb6 41. gxf5 gxf5 42. e4 fxe4 43. Kd4 e3 44. Kxe3 Kb5 45. Ke4 Kc6
46. Kf5 a5 47. bxa5 bxa5 48. Ke6 a4 49. f5 a3 50. f6 a2 51. f7 a1=Q 52. f8=Q
Qa2+ 53. Kf6 Qf2+ 54. Kg7 Qxh2 55. Qf6+ Kd5 56. Qf5+ 1/2-1/2

[Event "UK Armed Forces ch"]
[Site "Wittering"]
[Date "2023.04.15"]
[Round "4.13"]
[White "Johnston, Kieran"]
[Black "Woolf, Ben"]
[Result "1-0"]
[WhiteElo "1396"]
[BlackElo "1596"]
[Annotator "Thurlow, Kevin J"]
[PlyCount "101"]
[EventDate "2023.04.14"]
[EventType "swiss"]
[EventRounds "7"]
[EventCountry "ENG"]
[SourceVersionDate "2023.04.22"]

1. d4 f5 2. Bf4 Nf6 3. e3 e6 4. Nf3 b6 5. Bd3 Bb7 6. Nbd2 Bd6 7. Bxd6 cxd6 8.
O-O O-O 9. Re1 Ne4 10. c4 Nxd2 11. Nxd2 Qg5 12. e4 f4 13. h3 Nc6 14. Nf3 Qf6
15. e5 dxe5 16. Nxe5 Nxe5 17. dxe5 Qg5 18. Qg4 Qxg4 19. hxg4 g5 20. Be4 Bc6 21.
Bxc6 dxc6 22. Rad1 Rad8 23. f3 c5 24. Kf2 Rd4 25. Rxd4 cxd4 26. Rd1 Rd8 27. Ke2
Kf7 28. Kd3 Rd7 29. Ke4 d3 30. Rxd3 Rxd3 31. Kxd3 Ke7 32. Kd4 Kd7 33. b4 Kc7
34. a4 a6 35. b5 a5 36. c5 Kb7 37. c6+ Kc7 38. Kd3 h6 39. Ke2 Kc8 40. Kf2 Kc7
41. g3 fxg3+ 42. Kxg3 Kc8 43. f4 Kc7 44. f5 exf5 45. gxf5 h5 46. f6 h4+ 47. Kg4
h3 48. Kxh3 g4+ 49. Kxg4 Kc8 50. f7 Kc7 51. e6 (51. f8=Q {would be stalemate})
1-0

[Event "UK Armed Forces ch"]
[Site "Wittering"]
[Date "2023.04.15"]
[Round "4.14"]
[White "Turvey, Adam"]
[Black "O'Brien, Anthony"]
[Result "1-0"]
[WhiteElo "1562"]
[BlackElo "1425"]
[PlyCount "59"]
[EventDate "2023.04.14"]
[EventType "swiss"]
[EventRounds "7"]
[EventCountry "ENG"]
[SourceVersionDate "2023.04.22"]

1. d4 e6 2. Bf4 d5 3. e3 Nf6 4. Nf3 c6 5. a3 c5 6. Nbd2 Nc6 7. Bd3 Bd7 8. Qe2
Qb6 9. Rb1 cxd4 10. exd4 h6 11. Ne5 Qc7 12. Ng6 Bd6 13. Bxd6 Qxd6 14. Nxh8 Qe7
15. Ng6 fxg6 16. Bxg6+ Kd8 17. Nf3 Kc7 18. Ne5 Be8 19. Bxe8 Rxe8 20. Nxc6 bxc6
21. O-O g5 22. Qa6 Ra8 23. b4 Ne4 24. Rb2 Nd6 25. b5 Nxb5 26. a4 Nd6 27. Rfb1
Kd8 28. Rb8+ Rxb8 29. Rxb8+ Kc7 30. Qxa7+ 1-0

[Event "UK Armed Forces ch"]
[Site "Wittering"]
[Date "2023.04.15"]
[Round "4.15"]
[White "Jackson, Richard"]
[Black "Blair, Jimmy"]
[Result "1-0"]
[WhiteElo "1332"]
[BlackElo "1509"]
[PlyCount "123"]
[EventDate "2023.04.14"]
[EventType "swiss"]
[EventRounds "7"]
[EventCountry "ENG"]
[SourceVersionDate "2023.04.22"]

1. e4 b6 2. Nf3 Bb7 3. Nc3 g6 4. d4 Bg7 5. Be3 d6 6. Kd2 e6 7. Bd3 Nd7 8. Qe2
a6 9. Rad1 Ne7 10. Kc1 h6 11. Qd2 b5 12. a3 c6 13. Ne1 a5 14. Na2 b4 15. a4 d5
16. e5 Qb6 17. b3 Qc7 18. f4 c5 19. dxc5 Nc6 20. Nf3 d4 21. Nxd4 Nxd4 22. Bxd4
O-O 23. Nxb4 axb4 24. Qxb4 Rfb8 25. Bb5 Be4 26. Rhe1 Bf5 27. c6 Bf8 28. Qc4 Nb6
29. Bxb6 Qxb6 30. Kb2 Rc8 31. Rd7 Rc7 32. Red1 Rac8 33. Rxc7 Rxc7 34. Rd7 Be7
35. Rxc7 Qxc7 36. Qd4 g5 37. g3 Kg7 38. Qd7 Qxd7 39. cxd7 Bd8 40. b4 Kf8 41.
Bc6 f6 42. a5 fxe5 43. fxe5 Ke7 44. a6 Bb6 45. c4 Ba7 46. c5 Bd3 47. Ba4 Kd8
48. c6 Kc7 49. Kc3 Be4 50. b5 Bb6 51. Kb4 Bf5 52. a7 Bxa7 53. Ka5 Bb6+ 54. Ka6
Bg1 55. d8=Q+ Kxd8 56. Kb7 Be4 57. b6 Bxc6+ 58. Kxc6 Kc8 59. Bb3 Bxh2 60. Bxe6+
Kb8 61. Bf5 Bxg3 62. e6 1-0

[Event "UK Armed Forces ch"]
[Site "Wittering"]
[Date "2023.04.15"]
[Round "4.16"]
[White "Rossetti, Oliver"]
[Black "Eddershaw, John HT"]
[Result "1-0"]
[WhiteElo "1500"]
[BlackElo "1356"]
[PlyCount "135"]
[EventDate "2023.04.14"]
[EventType "swiss"]
[EventRounds "7"]
[EventCountry "ENG"]
[SourceVersionDate "2023.04.22"]

1. d4 f5 2. Bf4 Nf6 3. Nf3 e6 4. c4 d6 5. g3 Be7 6. Bg2 Bd7 7. Qb3 b6 8. Ng5 c6
9. c5 d5 10. Qe3 Ne4 11. Nxe4 fxe4 12. Be5 O-O 13. h4 bxc5 14. dxc5 Qa5+ 15.
Nc3 Qxc5 16. Bd4 Qa5 17. O-O Qc7 18. Rac1 a6 19. Na4 e5 20. Bc5 Bxc5 21. Nxc5
Bf5 22. Rfd1 Nd7 23. Na4 Nf6 24. Qc5 Nd7 25. Qxc6 Qxc6 26. Rxc6 d4 27. Nb6 Nxb6
28. Rxb6 Rfb8 29. Rxb8+ Rxb8 30. b3 Rc8 31. Rd2 Kf7 32. Kh2 h5 33. Bh3 g6 34.
Bxf5 gxf5 35. b4 Ke6 36. a4 Rc4 37. Rb2 Kd6 38. b5 axb5 39. axb5 Kc7 40. b6+
Kb7 41. Kg2 Rc6 42. Rb5 Re6 43. f3 e3 44. g4 hxg4 45. fxg4 fxg4 46. h5 d3 47.
exd3 e2 48. Kf2 g3+ 49. Kxe2 e4 50. dxe4 Rxe4+ 51. Kf3 g2 52. Kxg2 Re8 53. Kh3
Rh8 54. Kg4 Rg8+ 55. Kf5 Kc6 56. Rb1 Kb7 57. h6 Re8 58. h7 Rd8 59. Kg6 Rd6+ 60.
Kg5 Rd5+ 61. Kg4 Rd4+ 62. Kg3 Rd8 63. Rh1 Rh8 64. Kf4 Kxb6 65. Kf5 Kc6 66. Kf6
Rf8+ 67. Kg7 Rd8 68. h8=Q 1-0

[Event "UK Armed Forces ch"]
[Site "Wittering"]
[Date "2023.04.15"]
[Round "4.17"]
[White "Cooney, Jack"]
[Black "Chapman, Chas"]
[Result "1-0"]
[WhiteElo "1130"]
[BlackElo "1499"]
[PlyCount "51"]
[EventDate "2023.04.14"]
[EventType "swiss"]
[EventRounds "7"]
[EventCountry "ENG"]
[SourceVersionDate "2023.04.22"]

1. d4 Nf6 2. Nf3 g6 3. Bf4 Bg7 4. e3 O-O 5. Bd3 d6 6. h3 b6 7. e4 Bb7 8. Nbd2
Nbd7 9. O-O c5 10. c3 Re8 11. d5 Rc8 12. Qa4 a5 13. Bb5 Ra8 14. Rfe1 Ba6 15.
Bc6 Ra7 16. e5 Nh5 17. e6 Nxf4 18. exd7 Rf8 19. Qxf4 Bb7 20. Re2 Bxc6 21. dxc6
Rc7 22. Rae1 e5 23. Qe4 f6 24. Qd5+ Kh8 25. Nc4 b5 26. Nxd6 1-0

[Event "UK Armed Forces ch"]
[Site "Wittering"]
[Date "2023.04.15"]
[Round "4.20"]
[White "Collins, Nigel"]
[Black "Nelder, Alan J"]
[Result "0-1"]
[WhiteElo "1446"]
[BlackElo "1596"]
[PlyCount "70"]
[EventDate "2023.04.14"]
[EventType "swiss"]
[EventRounds "7"]
[EventCountry "ENG"]
[SourceVersionDate "2023.04.22"]

1. c4 Nf6 2. Nc3 g6 3. g3 Bg7 4. Bg2 d6 5. e4 c6 6. Nge2 Qc7 7. O-O e5 8. d3
Nbd7 9. h3 Nc5 10. f4 Be6 11. Rb1 O-O-O 12. b4 Na6 13. f5 gxf5 14. exf5 Bd7 15.
Be3 Be8 16. b5 cxb5 17. Nxb5 Bxb5 18. Rxb5 b6 19. Qa4 Nc5 20. Bxc5 dxc5 21.
Rfb1 Rxd3 22. Qa6+ Kd7 23. Rxb6 axb6 24. Qb5+ Ke7 25. Qa6 Rb8 26. Bd5 Nxd5 27.
cxd5 Rxd5 28. Nf4 exf4 29. Qe2+ Qe5 30. Qh5 Qxf5 31. Re1+ Kd6 32. Qe2 Qe5 33.
Qf1 Qd4+ 34. Kg2 fxg3 35. Qxf7 Qf2+ 0-1

[Event "UK Armed Forces ch"]
[Site "Wittering"]
[Date "2023.04.15"]
[Round "4.22"]
[White "Wride, Edward"]
[Black "Pitchers, Michael"]
[Result "1-0"]
[WhiteElo "1552"]
[BlackElo "1348"]
[PlyCount "87"]
[EventDate "2023.04.14"]
[EventType "swiss"]
[EventRounds "7"]
[EventCountry "ENG"]
[SourceVersionDate "2023.04.22"]

1. d4 Nf6 2. Bg5 e6 3. Nf3 Be7 4. e3 Nc6 5. c3 h6 6. Bh4 O-O 7. Bd3 d5 8. Nbd2
Bd6 9. Qe2 Re8 10. O-O-O Bd7 11. e4 e5 12. dxe5 Nxe5 13. Nxe5 Rxe5 14. f4 Rh5
15. Bxf6 Qxf6 16. Qxh5 Qxf4 17. Rhf1 Bg4 18. Qxd5 Be6 19. Rxf4 Bxd5 20. Rff1
Bc6 21. g3 Re8 22. Bc4 Re7 23. Bd5 Bb5 24. c4 Ba4 25. b3 Bd7 26. Bxb7 Bg4 27.
Rde1 Rd7 28. Bd5 Bh5 29. Kc2 Bb4 30. Ra1 Rd6 31. Nf3 c6 32. a3 cxd5 33. axb4
dxe4 34. Ne1 e3 35. Rf5 Bg6 36. g4 h5 37. Kc3 Bxf5 38. gxf5 e2 39. Ra2 Rf6 40.
Rxe2 Rxf5 41. Ra2 Re5 42. Nd3 Re3 43. Rxa7 f5 44. b5 1-0

[Event "UK Armed Forces ch"]
[Site "Wittering"]
[Date "2023.04.15"]
[Round "4.24"]
[White "Harberd, Matthew"]
[Black "Buckingham, Michael J"]
[Result "0-1"]
[WhiteElo "1323"]
[BlackElo "1567"]
[PlyCount "62"]
[EventDate "2023.04.14"]
[EventType "swiss"]
[EventRounds "7"]
[EventCountry "ENG"]
[SourceVersionDate "2023.04.22"]

1. e4 c5 2. f4 d5 3. e5 Nc6 4. Bb5 Qb6 5. Nc3 e6 6. Qe2 Nge7 7. Na4 Qc7 8. Nxc5
a6 9. Bxc6+ Nxc6 10. Nb3 Nb4 11. Nd4 Nxc2+ 12. Nxc2 Qxc2 13. Nf3 Bc5 14. a3 Bd7
15. a4 Bxa4 16. d4 Bb4+ 17. Bd2 Bxd2+ 18. Nxd2 Rc8 19. Kf2 Bb5 20. Qe3 O-O 21.
Kf3 Qxb2 22. Ra3 Rc6 23. Nb1 Rfc8 24. Rb3 Qc2 25. Na3 Qxb3 26. Qxb3 Rc3+ 27.
Qxc3 Rxc3+ 28. Kg4 Rxa3 29. Rc1 Bc6 30. Kg5 h6+ 31. Kh5 Rd3 0-1

[Event "UK Armed Forces ch"]
[Site "Wittering"]
[Date "2023.04.15"]
[Round "4.25"]
[White "Woodrough, Thomas"]
[Black "Laver, Nathan"]
[Result "1-0"]
[WhiteElo "1600"]
[BlackElo "1038"]
[PlyCount "77"]
[EventDate "2023.04.14"]
[EventType "swiss"]
[EventRounds "7"]
[EventCountry "ENG"]
[SourceVersionDate "2023.04.22"]

1. e4 e5 2. Nc3 d6 3. g3 Nc6 4. Bg2 Nf6 5. Nd5 Nxd5 6. exd5 Ne7 7. c4 Bf5 8.
Ne2 c5 9. O-O Qd7 10. a4 Ng6 11. Nc3 Bh3 12. d3 Bxg2 13. Kxg2 Be7 14. Rb1 b6
15. b4 O-O 16. Be3 f5 17. f4 exf4 18. Bxf4 a6 19. Qe2 Bf6 20. Qc2 Nxf4+ 21.
Rxf4 Rae8 22. b5 g5 23. Rf2 Bd4 24. Re2 Rxe2+ 25. Nxe2 Bf6 26. bxa6 f4 27. Rxb6
Ra8 28. Qb3 Qe8 29. Ng1 Bd4 30. Qd1 Bxg1 31. Kxg1 Qe3+ 32. Kg2 Kg7 33. Rxd6 Qe5
34. Rb6 fxg3 35. hxg3 Qd4 36. Qf3 Rf8 37. Qe2 Qa1 38. Qb2+ Qxb2+ 39. Rxb2 1-0